00398nam a2200157Ia 4500008004100000040001900041041001200060082002300072100001600095245003600111250001400147260003800161300001700199650000800216850001600224131103s9999 xx 000 0 und d aLoreto College aEnglish aREF/2bLCBED/13790 aBerry, Nita 4aThe wonder of watercNita Berry aNew Delhi aChildren's book trustb2001c96p. apic.b 24cm. aREF aLCBED/REF/2